00292nam a2200133Ia 45000030006000000080041000060400015000471000015000622450033000772500010001102600009001205460012001290050017001410STCL150530s9999 xx 000 0 und d aSTCLcSTCL aJain, A.K. aTextbook of Physiology Vol.I aThird c2005 aEnglish20220125170429.0